<?xml version="1.0" encoding="UTF-8"?>
<record
    xmlns:xsi="http://www.w3.org/2001/XMLSchema-instance"
    xsi:schemaLocation="http://www.loc.gov/MARC21/slim http://www.loc.gov/standards/marcxml/schema/MARC21slim.xsd"
    xmlns="http://www.loc.gov/MARC21/slim">

  <leader>00503    a2200157   4500</leader>
  <controlfield tag="005">20250519145407.0</controlfield>
  <datafield tag="020" ind1=" " ind2=" ">
    <subfield code="a">0-07-243288-8</subfield>
  </datafield>
  <datafield tag="082" ind1=" " ind2=" ">
    <subfield code="a">658. 5 SHU</subfield>
  </datafield>
  <datafield tag="245" ind1=" " ind2=" ">
    <subfield code="a">Production and Operations Management</subfield>
  </datafield>
  <datafield tag="250" ind1=" " ind2=" ">
    <subfield code="a">2nd Ed.</subfield>
  </datafield>
  <datafield tag="260" ind1=" " ind2=" ">
    <subfield code="a">Old Whitfield,</subfield>
    <subfield code="b">McGraw-Hill,</subfield>
    <subfield code="c">2001.</subfield>
  </datafield>
  <datafield tag="300" ind1=" " ind2=" ">
    <subfield code="a">x, 213p.: ill.; figure, picture, table.</subfield>
    <subfield code="b">Index, references.</subfield>
    <subfield code="c">28cm.</subfield>
  </datafield>
  <datafield tag="700" ind1=" " ind2=" ">
    <subfield code="a">SHUKLA, P. K.</subfield>
  </datafield>
  <datafield tag="856" ind1=" " ind2=" ">
    <subfield code="y">Access Online book</subfield>
    <subfield code="f">Production and Operations Management</subfield>
    <subfield code="d">http://www.dushkin.com</subfield>
  </datafield>
  <datafield tag="942" ind1=" " ind2=" ">
    <subfield code="2">ddc</subfield>
    <subfield code="c">BKS</subfield>
  </datafield>
  <datafield tag="999" ind1=" " ind2=" ">
    <subfield code="c">2457</subfield>
    <subfield code="d">2457</subfield>
  </datafield>
  <datafield tag="952" ind1=" " ind2=" ">
    <subfield code="r">2025-05-19 14:59:19</subfield>
    <subfield code="l">0</subfield>
    <subfield code="o">658. 5 SHU</subfield>
    <subfield code="p">0000009214</subfield>
    <subfield code="v">54000.00</subfield>
    <subfield code="w">2025-05-19</subfield>
    <subfield code="y">BKS</subfield>
    <subfield code="1">0</subfield>
    <subfield code="2">ddc</subfield>
    <subfield code="4">0</subfield>
    <subfield code="7">0</subfield>
    <subfield code="0">0</subfield>
    <subfield code="a">CBEML</subfield>
    <subfield code="b">CBEML</subfield>
    <subfield code="c">GEN</subfield>
    <subfield code="d">2005-01-19</subfield>
    <subfield code="g">18000.00</subfield>
  </datafield>
  <datafield tag="952" ind1=" " ind2=" ">
    <subfield code="r">2025-05-19 14:59:19</subfield>
    <subfield code="l">0</subfield>
    <subfield code="o">658. 5 SHU</subfield>
    <subfield code="p">0000009215</subfield>
    <subfield code="v">54000.00</subfield>
    <subfield code="w">2025-05-19</subfield>
    <subfield code="y">BKS</subfield>
    <subfield code="1">0</subfield>
    <subfield code="2">ddc</subfield>
    <subfield code="4">0</subfield>
    <subfield code="7">0</subfield>
    <subfield code="0">0</subfield>
    <subfield code="a">CBEML</subfield>
    <subfield code="b">CBEML</subfield>
    <subfield code="c">GEN</subfield>
    <subfield code="d">2005-01-19</subfield>
    <subfield code="g">18000.00</subfield>
  </datafield>
  <datafield tag="952" ind1=" " ind2=" ">
    <subfield code="r">2025-05-19 14:59:19</subfield>
    <subfield code="l">0</subfield>
    <subfield code="o">658. 5 SHU</subfield>
    <subfield code="p">0000009216</subfield>
    <subfield code="v">54000.00</subfield>
    <subfield code="w">2025-05-19</subfield>
    <subfield code="y">BKS</subfield>
    <subfield code="1">0</subfield>
    <subfield code="2">ddc</subfield>
    <subfield code="4">0</subfield>
    <subfield code="7">0</subfield>
    <subfield code="0">0</subfield>
    <subfield code="a">CBEML</subfield>
    <subfield code="b">CBEML</subfield>
    <subfield code="c">GEN</subfield>
    <subfield code="d">2005-01-19</subfield>
    <subfield code="g">18000.00</subfield>
  </datafield>
  <datafield tag="952" ind1=" " ind2=" ">
    <subfield code="r">2025-05-19 14:59:19</subfield>
    <subfield code="l">0</subfield>
    <subfield code="o">658. 5 SHU</subfield>
    <subfield code="p">0000009217</subfield>
    <subfield code="v">54000.00</subfield>
    <subfield code="w">2025-05-19</subfield>
    <subfield code="y">BKS</subfield>
    <subfield code="1">0</subfield>
    <subfield code="2">ddc</subfield>
    <subfield code="4">0</subfield>
    <subfield code="7">0</subfield>
    <subfield code="0">0</subfield>
    <subfield code="a">CBEML</subfield>
    <subfield code="b">CBEML</subfield>
    <subfield code="c">GEN</subfield>
    <subfield code="d">2005-01-19</subfield>
    <subfield code="g">18000.00</subfield>
  </datafield>
  <datafield tag="952" ind1=" " ind2=" ">
    <subfield code="r">2025-05-19 14:59:19</subfield>
    <subfield code="l">0</subfield>
    <subfield code="o">658. 5 SHU</subfield>
    <subfield code="p">0000009218</subfield>
    <subfield code="v">54000.00</subfield>
    <subfield code="w">2025-05-19</subfield>
    <subfield code="y">BKS</subfield>
    <subfield code="1">0</subfield>
    <subfield code="2">ddc</subfield>
    <subfield code="4">0</subfield>
    <subfield code="7">0</subfield>
    <subfield code="0">0</subfield>
    <subfield code="a">CBEML</subfield>
    <subfield code="b">CBEML</subfield>
    <subfield code="c">GEN</subfield>
    <subfield code="d">2005-01-19</subfield>
    <subfield code="g">18000.00</subfield>
  </datafield>
  <datafield tag="952" ind1=" " ind2=" ">
    <subfield code="r">2025-05-19 14:59:19</subfield>
    <subfield code="l">0</subfield>
    <subfield code="o">658. 5 SHU</subfield>
    <subfield code="p">0000009219</subfield>
    <subfield code="v">54000.00</subfield>
    <subfield code="w">2025-05-19</subfield>
    <subfield code="y">BKS</subfield>
    <subfield code="1">0</subfield>
    <subfield code="2">ddc</subfield>
    <subfield code="4">0</subfield>
    <subfield code="7">0</subfield>
    <subfield code="0">0</subfield>
    <subfield code="a">CBEML</subfield>
    <subfield code="b">CBEML</subfield>
    <subfield code="c">GEN</subfield>
    <subfield code="d">2005-01-19</subfield>
    <subfield code="g">18000.00</subfield>
  </datafield>
  <datafield tag="952" ind1=" " ind2=" ">
    <subfield code="r">2025-05-19 14:59:19</subfield>
    <subfield code="l">0</subfield>
    <subfield code="o">658. 5 SHU</subfield>
    <subfield code="p">0000009220</subfield>
    <subfield code="v">54000.00</subfield>
    <subfield code="w">2025-05-19</subfield>
    <subfield code="y">BKS</subfield>
    <subfield code="1">0</subfield>
    <subfield code="2">ddc</subfield>
    <subfield code="4">0</subfield>
    <subfield code="7">0</subfield>
    <subfield code="0">0</subfield>
    <subfield code="a">CBEML</subfield>
    <subfield code="b">CBEML</subfield>
    <subfield code="c">GEN</subfield>
    <subfield code="d">2005-01-19</subfield>
    <subfield code="g">18000.00</subfield>
  </datafield>
  <datafield tag="952" ind1=" " ind2=" ">
    <subfield code="r">2025-05-19 14:59:19</subfield>
    <subfield code="l">0</subfield>
    <subfield code="o">658. 5 SHU</subfield>
    <subfield code="p">0000009221</subfield>
    <subfield code="v">54000.00</subfield>
    <subfield code="w">2025-05-19</subfield>
    <subfield code="y">BKS</subfield>
    <subfield code="1">0</subfield>
    <subfield code="2">ddc</subfield>
    <subfield code="4">0</subfield>
    <subfield code="7">0</subfield>
    <subfield code="0">0</subfield>
    <subfield code="a">CBEML</subfield>
    <subfield code="b">CBEML</subfield>
    <subfield code="c">GEN</subfield>
    <subfield code="d">2005-01-19</subfield>
    <subfield code="g">18000.00</subfield>
  </datafield>
  <datafield tag="952" ind1=" " ind2=" ">
    <subfield code="r">2025-06-26 17:18:41</subfield>
    <subfield code="l">0</subfield>
    <subfield code="o">658.5 SHU</subfield>
    <subfield code="p">DOM0001437</subfield>
    <subfield code="v">54000.00</subfield>
    <subfield code="w">2025-06-26</subfield>
    <subfield code="y">BKS</subfield>
    <subfield code="1">0</subfield>
    <subfield code="2">ddc</subfield>
    <subfield code="4">0</subfield>
    <subfield code="7">0</subfield>
    <subfield code="0">0</subfield>
    <subfield code="a">004</subfield>
    <subfield code="b">004</subfield>
    <subfield code="c">GEN</subfield>
    <subfield code="d">2005-01-19</subfield>
    <subfield code="g">18000.00</subfield>
  </datafield>
</record>
